Political parties of Asia and the Pacific: A reference guide

The book contains background data on its country, including its recent history, constitutional structure, and recent election results; part-by-party data, providing for significant parties as appropriate: name in English and vernacular, address, leadership, orientation, history, structure, membershi...

תיאור מלא

שמור ב:
מידע ביבליוגרפי
פורמט: ספר
שפה:Undetermined
יצא לאור: Uited Kingdom Longman 1992
נושאים:
תגים: הוספת תג
אין תגיות, היה/י הראשונ/ה לתייג את הרשומה!
Thư viện lưu trữ: Trung tâm Học liệu Trường Đại học Cần Thơ
LEADER 00948nam a2200169Ia 4500
001 CTU_18371
008 210402s9999 xx 000 0 und d
082 |a 324.25 
082 |b L673 
245 0 |a Political parties of Asia and the Pacific: A reference guide 
260 |a Uited Kingdom 
260 |b Longman 
260 |c 1992 
520 |a The book contains background data on its country, including its recent history, constitutional structure, and recent election results; part-by-party data, providing for significant parties as appropriate: name in English and vernacular, address, leadership, orientation, history, structure, membership, publications, international affiliations; listing of minor and defunct parties; principal illegal organizations; indexes of personal names and parties 
650 |a political parties - asia,political parties - pacific 
904 |i Minh, 970911 
980 |a Trung tâm Học liệu Trường Đại học Cần Thơ